000 00460nam a2200157 u 4500
001 000257003
003 AM-YeHGA
005 20250617125154.0
008 030901s1916 ||||||||||||||||||||arm|c
040 _aAM-YeHGA
245 1 0 _aՀայկականք /
_cՍ.Մ. Ծոցիկեան.
260 _aՓրավիտէնս :
_bԵրիտասարդ Հայաստան,
_c1916.
300 _a208 էջ.
650 1 4 _aԱրևմտահայ գրականություն
090 _c93866
999 _c92567
_d92567